Nota Kursus: Bengkel Pengurusan OJT Dicawangan : 27 - 30 Ogos 2001
| Format: | Book |
|---|---|
| Subjects: | |
| Online Access: | http://app.inspen.gov.my:7779/pls/portal/docs/PAGE/CORPORATEPAGES/PORTAL_INSPEN/NOTA_KURSUS/MANAGEMENT/AAE.PDF |
MARC
| LEADER | 00000cam a2200000 7i4500 | ||
|---|---|---|---|
| 001 | 0000014381 | ||
| 005 | 20071213.0 | ||
| 040 | |a INS | ||
| 090 | 0 | 0 | |a M 68 n.2 |
| 245 | 0 | 0 | |a Nota Kursus: Bengkel Pengurusan OJT Dicawangan : |b 27 - 30 Ogos 2001 |
| 650 | 0 | 0 | |a ProgramPenilaian & Perkhidmatan Harta |
| 856 | |u http://app.inspen.gov.my:7779/pls/portal/docs/PAGE/CORPORATEPAGES/PORTAL_INSPEN/NOTA_KURSUS/MANAGEMENT/AAE.PDF | ||
| 999 | |a M000000091 |b BOOK |c Course Notes |e Default branch | ||